[Event "Sombor Milicevic Memorial"]
[Site "Sombor"]
[Date "2017.11.20"]
[Round "4"]
[White "Grba, Ilija"]
[Black "Djurosev, Djordje"]
[Result "1-0"]
[WhiteElo "1761"]
[BlackElo "1625"]
[PlyCount "71"]
[EventDate "2017.11.13"]
[EventType "swiss"]
[EventRounds "9"]
[EventCountry "SRB"]
[SourceTitle "EXT 2019"]
[Source "ChessBase"]
[SourceDate "2018.10.10"]
[SourceVersion "1"]
[SourceVersionDate "2018.10.10"]
[SourceQuality "1"]

1. d4 Nf6 2. c4 g6 3. Nc3 Bg7 4. Bf4 a6 5. e3 0-0 6. Bd3 d6 7. Nge2 b6 8. h4 Nh5 9. g4 Bxg4 10. Qc2 Bf3 11. Rh2 e5 12. Bg3 Nc6 13. Be4 Bxe4 14. Qxe4 Ne7 15. 0-0-0 f5 16. Qg2 f4 17. exf4 exf4 18. Nxf4 Nxf4 19. Bxf4 Rxf4 20. h5 Rf6 21. Re1 Rb8 22. hxg6 Rxg6 23. Qe4 Bf6 24. Reh1 Bg5+ 25. f4 Bxf4+ 26. Qxf4 Qf8 27. Qxf8+ Kxf8 28. Rxh7 Rc8 29. Rf1+ Ke8 30. Re1 Kd7 31. Rexe7+ Kc6 32. Nd5 Rg1+ 33. Kc2 Rg2+ 34. Kd3 Kb7 35. Nxc7 Rxb2 36. Nb5+ 1-0